[Event "Piacenza Ruscitti Memorial 2nd"]
[Site "Piacenza"]
[Date "2023.11.19"]
[Round "3"]
[White "Rizzi, Giacomo"]
[Black "Fischetti, Luciano"]
[Result "1-0"]
[WhiteElo "1364"]
[BlackElo "1363"]
[PlyCount "73"]
[EventDate "2023.11.18"]
[EventType "swiss"]
[EventRounds "5"]
[EventCountry "ITA"]
[SourceTitle "CB48_2023"]
[SourceDate "2023.11.29"]
[SourceVersion "1"]
[SourceVersionDate "2023.11.29"]
[SourceQuality "1"]

1. e4 d5 2. exd5 Qxd5 3. Nc3 Qd6 4. d4 c6 5. Nf3 Bg4 6. Be2 Nf6 7. 0-0 e6 8. Be3 Be7 9. Qd2 Nbd7 10. a3 Nb6 11. Bf4 Qd8 12. Rad1 Nfd5 13. Nxd5 Nxd5 14. Bg3 0-0 15. c4 Nf6 16. Qe3 h6 17. b4 Bh5 18. Ne5 Bxe2 19. Qxe2 Nd7 20. Rfe1 Nb6 21. Qh5 Bg5 22. h4 Bf6 23. Re4 Qe7 24. Qe2 Rad8 25. Ng4 Bxh4 26. Nxh6+ gxh6 27. Bxh4 f6 28. Rxe6 Qg7 29. Re7 Rf7 30. Rxf7 Qxf7 31. Qg4+ Kh8 32. Qf4 Kg7 33. Qg3+ Kh8 34. Qf4 Kg7 35. Re1 Rf8 36. Re3 Qxc4 37. Rg3+ 1-0